000 00626cab a2200193 4500
001 WB2407-21
008 090401t1988 xxu||||| |||| 00| 0 eng d
035 _a(Sirsi) u38481
041 _aeng
245 _aRent review notice s
260 _c1988
350 _a0
490 _aEstates Gazette
_vNo 8805, 6/2/88 p69
520 _aDiscusses the validity of a tenants` counternotice under a rent review clause, with particular reference to the recent decision Glofield Properties v Morley (See Abstract 38709).
650 _aTRIGGER NOTICE
690 _aPROPERTY-LANDLORD AND TENANT
942 _n0
948 _c04/03/1997
999 _c24732
_d24732